| 000 | 08081cam a22021014i 4500 | ||
|---|---|---|---|
| 001 | u51671 | ||
| 003 | PE-LiUPU | ||
| 005 | 20250813165901.0 | ||
| 008 | 150706s2012 pe a rb 000 0 spa d | ||
| 020 | _a9786123040659 | ||
| 035 | _a(Sirsi) i9786123040659 | ||
| 040 |
_aPE-LiUPU _bspa _cPE-LiUPU _erda |
||
| 049 | _aPRUA | ||
| 082 | 0 | 4 |
_a651.74 _bM28 2012 |
| 082 | 0 | 4 |
_a651.74 _bM28 _221 |
| 100 | 1 |
_aMateo, Miguel Rojas, _eautor. |
|
| 245 | 1 | 0 |
_aRedacción empresarial : _bdocumentos comerciales y administrativos / _cMiguel Mateo Rojas. |
| 264 | 1 |
_aLima : _bMacro, _c2012. |
|
| 300 | _a06 CD-ROM | ||
| 300 |
_a430 páginas : _bilustraciones ; _c25 centímetros. |
||
| 336 |
_atext _2rdacontent |
||
| 337 |
_aunmediated _2rdamedia |
||
| 338 |
_avolume _2rdacarrier |
||
| 490 | 0 | _aGestión y Metodología. | |
| 505 | 0 | _aRedacción comercial -- La redacción -- La palabra como elemento básico en el proceso de construcción de oraciones -- La precisión léxica -- La palabra como elemento básico en el proceso de construcción de párrafos -- Reglas para la redacción eficaz -- Puntuación -- Uso de las letras mayúsculas -- Errores en la redacción -- La carta comercial -- El planeamiento de una carta -- El proceso de redacción de una carta persuasiva -- Clases de cartas comerciales -- Redacción administrativa -- La redacción administrativa -- Redacción de documentos administrativos -- El oficio -- El oficio múltiple -- La solicitud -- La solicitud de empleo o carta de presentación -- El currículo -- Esquema del currículo vitae -- El memorando -- El informe -- El informe extenso o técnico -- El acta -- La asamblea -- El contrato -- La resolución administrativa -- Modelo de resolución oficial para autorizar trabajo a menores -- La circular -- La directiva -- El dictamen -- El certificado -- La constancia -- La copia certificada -- El memorial -- ¿Qué es el correo electrónico? -- ¿Qué es el Spam?. | |
| 526 | _aP203 | ||
| 526 | _aP200 | ||
| 526 | _aSEG65 | ||
| 526 | _aSEG64 | ||
| 526 | _aSEG63 | ||
| 526 | _aSEG62 | ||
| 526 | _aSEG61 | ||
| 526 | _aSEG60 | ||
| 526 | _aSEG59 | ||
| 526 | _aSEG58 | ||
| 526 | _aSEG57 | ||
| 526 | _aSEG56 | ||
| 526 | _aSEG55 | ||
| 526 | _aSEG54 | ||
| 526 | _aSEG53 | ||
| 526 | _aSEG52 | ||
| 526 | _aSEG51 | ||
| 526 | _aSEG50 | ||
| 526 | _aSEG49 | ||
| 526 | _aSEG48 | ||
| 526 | _aSEG47 | ||
| 526 | _aSEG46 | ||
| 526 | _aSEG24 | ||
| 526 | _aSEG23 | ||
| 526 | _aSEG22 | ||
| 526 | _aSEG21 | ||
| 526 | _aSEG20 | ||
| 526 | _aSEG19 | ||
| 526 | _aSEG18 | ||
| 526 | _aSEG17 | ||
| 526 | _aSEG16 | ||
| 526 | _aSEG14 | ||
| 526 | _aSEG13 | ||
| 526 | _aSEG12 | ||
| 526 | _aSEG11 | ||
| 526 | _aSEG10 | ||
| 526 | _aSEG09 | ||
| 526 | _aSEG06 | ||
| 526 | _aSEG05 | ||
| 526 | _aSEG04 | ||
| 526 | _aSEG03 | ||
| 526 | _aSEG02 | ||
| 526 | _aSEG68 | ||
| 526 | _aSEG66 | ||
| 526 | _aSEG45 | ||
| 526 | _aSEG25 | ||
| 526 | _aSEG01 | ||
| 526 | _aP163 | ||
| 526 | _aP162 | ||
| 526 | _aP161 | ||
| 526 | _aP160 | ||
| 526 | _aP159 | ||
| 526 | _aP158 | ||
| 526 | _aP157 | ||
| 526 | _aP156 | ||
| 526 | _aP155 | ||
| 526 | _aP154 | ||
| 526 | _aP153 | ||
| 526 | _aP152 | ||
| 526 | _aP151 | ||
| 526 | _aP150 | ||
| 526 | _aP149 | ||
| 526 | _aP142 | ||
| 526 | _aP141 | ||
| 526 | _aP140 | ||
| 526 | _aP139 | ||
| 526 | _aP138 | ||
| 526 | _aP137 | ||
| 526 | _aP132 | ||
| 526 | _aP131 | ||
| 526 | _aP130 | ||
| 526 | _aP126 | ||
| 526 | _aP125 | ||
| 526 | _aP124 | ||
| 526 | _aP123 | ||
| 526 | _aP115 | ||
| 526 | _aP122 | ||
| 526 | _aP121 | ||
| 526 | _aP116 | ||
| 526 | _a P114 | ||
| 526 | _aP112 | ||
| 526 | _aP111 | ||
| 526 | _aP104 | ||
| 526 | _aP103 | ||
| 526 | _aP102 | ||
| 526 | _aP101 | ||
| 526 | _aP100 | ||
| 526 | _aP96 | ||
| 526 | _aP95 | ||
| 526 | _aP93 | ||
| 526 | _aP92 | ||
| 526 | _aP91 | ||
| 526 | _aP88 | ||
| 526 | _aP83 | ||
| 526 | _aP82 | ||
| 526 | _aP79 | ||
| 526 | _aP78 | ||
| 526 | _aP75 | ||
| 526 | _aP74 | ||
| 526 | _aP71 | ||
| 526 | _aP69 | ||
| 526 | _a P51 | ||
| 526 | _aP49 | ||
| 526 | _aP48 | ||
| 526 | _aP47 | ||
| 526 | _aP33 | ||
| 526 | _aP31 | ||
| 526 | _a P30 | ||
| 526 | _aP29 | ||
| 526 | _aP27 | ||
| 526 | _aP26 | ||
| 526 | _aP25 | ||
| 526 | _aP24 | ||
| 526 | _a P22 | ||
| 526 | _aP10 | ||
| 526 | _aP09 | ||
| 526 | _a P08 | ||
| 526 | _aP06 | ||
| 526 | _aP05 | ||
| 526 | _aP04 | ||
| 526 | _aP01 | ||
| 541 | _g001-000063; | ||
| 541 | _g001-000063; | ||
| 541 | _g001-000063; | ||
| 541 | _g045-0004362; | ||
| 541 | _g001-0036576; | ||
| 541 | _g015-0018095; | ||
| 541 | _g001-0037503; | ||
| 596 | _a1 2 3 | ||
| 650 | 0 | 4 |
_aCorrespondencia comercial _xModelos. |
| 650 | 0 | 4 |
_aCorrespondencia comercial _xRedacción. |
| 910 |
_agl _bjv _cng _d20121205 |
||
| 910 |
_btqv _cwelc _d20160913 |
||
| 942 |
_2ddc _cBOOK |
||
| 994 |
_aC0 _bPEPRU |
||
| 949 |
_a651.74 M28 2012 _wDEWEY _c1 _iFJ02033 _lCCODEBUJ1 _mBUJ _p18.00 _q1 _r0 _sY _tBOOK _u2015-11-25 _xFCE _PP04 _0COMPRA _o.STAFF. Colección General Juliaca |
||
| 949 |
_a651.74 M28 _wDEWEY _c1 _i65822 _d2018-3-21 _e2015-10-22 _f2018-2-12 _g3 _lCCODEBUL1 _mBUL _n3 _p18.00 _q1 _r0 _sY _tBOOK _u2015-7-6 _xFCE _zAGB _0COMPRA _o.STAFF. Colección General |
||
| 949 |
_a651.74 M28 _wDEWEY _c1 _iFT03034 _lCCODEBUT1 _mBUT _p21.00 _r0 _sY _tBOOK _u2015-10-19 _xFCE _zAG _0COMPRA _o.STAFF. Colección General |
||
| 949 |
_a651.74 M28 _wDEWEY _c2 _i65941 _d2018-4-24 _f2018-2-12 _g3 _lCCODEBUL1 _mBUL _p17.00 _q2 _r0 _sY _tBOOK _u2015-7-6 _xFCE _zAGB _0COMPRA _o.STAFF. Colección General |
||
| 949 |
_a651.74 M28 _wDEWEY _c3 _i68323 _f2018-2-10 _g3 _lCCODEBUL1 _mBUL _p18.00 _r0 _sY _tBOOK _u2015-7-6 _xFCE _PP20 _0COMPRA _o.STAFF. Colección General |
||
| 949 |
_a651.74 M28 _wDEWEY _c4 _i68616 _f2018-2-10 _g3 _lCCODEBUL1 _mBUL _p21.00 _r0 _sY _tBOOK _u2015-7-6 _xFCE _PP47 _0COMPRA _o.STAFF. Colección General |
||
| 949 |
_a651.74 M28 _wDEWEY _c5 _i68617 _d2018-5-6 _f2018-2-10 _g3 _lCCODEBUL1 _mBUL _p21.00 _q1 _r0 _sY _tBOOK _u2015-7-6 _xFCE _PP47 _0COMPRA _o.STAFF. Colección General |
||
| 949 |
_a651.74 M28 _wDEWEY _c6 _i68618 _d2015-10-27 _e2015-10-26 _f2018-2-10 _g4 _lCCODEBUL1 _mBUL _n1 _p21.00 _r0 _sY _tBOOK _u2015-7-6 _xFCE _PP47 _0COMPRA _o.STAFF. Colección General |
||
| 999 |
_a651.74 M28 _wDEWEY _c54220 _i65822 _d54220 _e2015-10-22 _f2021-11-5 _g6 _lCCODEBUL1 _mBUL _n3 _p18.00 _q2 _r0 _sY _tBOOK _u2015-7-6 _xFCE _zAGB _0COMPRA _o.STAFF. Colección General |
||
| 999 |
_a651.74 M28 _wDEWEY _c2 _i65941 _d2018-10-10 _f2021-11-5 _g6 _lCCODEBUL1 _mBUL _p17.00 _q3 _r0 _sY _tBOOK _u2015-7-6 _xFCE _zAGB _0COMPRA _o.STAFF. Colección General |
||
| 999 |
_a651.74 M28 _wDEWEY _c3 _i68323 _f2021-11-8 _g6 _lCCODEBUL1 _mBUL _p18.00 _r0 _sY _tBOOK _u2015-7-6 _xFCE _PP20 _0COMPRA _o.STAFF. Colección General |
||
| 999 |
_a651.74 M28 _wDEWEY _c4 _i68616 _f2021-11-8 _g6 _lCCODEBUL1 _mBUL _p21.00 _r0 _sY _tBOOK _u2015-7-6 _xFCE _PP47 _0COMPRA _o.STAFF. Colección General |
||
| 999 |
_a651.74 M28 _wDEWEY _c5 _i68617 _d2018-5-6 _f2021-11-8 _g6 _lCCODEBUL1 _mBUL _p21.00 _q1 _r0 _sY _tBOOK _u2015-7-6 _xFCE _PP47 _0COMPRA _o.STAFF. Colección General |
||
| 999 |
_a651.74 M28 _wDEWEY _c6 _i68618 _d2015-10-27 _e2015-10-26 _f2021-11-8 _g7 _lCCODEBUL1 _mBUL _n1 _p21.00 _r0 _sY _tBOOK _u2015-7-6 _xFCE _PP47 _0COMPRA _o.STAFF. Colección General |
||
| 999 |
_a651.74 M28 _wDEWEY _c1 _iFT03034 _f2019-2-20 _g1 _lCCODEBUT1 _mBUT _p21.00 _r0 _sY _tBOOK _u2015-10-19 _xFCE _zAG _0COMPRA _o.STAFF. Colección General |
||
| 999 |
_a651.74 M28 2012 _wDEWEY _c1 _iFJ02033 _d2018-8-10 _e2018-8-8 _f2022-1-26 _g4 _lCCODEBUJ1 _mBUJ _n1 _p18.00 _q2 _r0 _sY _tBOOK _u2015-11-25 _xFCE _PP04 _0COMPRA _o.STAFF. Colección General Juliaca |
||
| 980 |
_81 _gALBERTO SANCHEZ Responsable de Automatización |
||